Countries as Acronyms - Statistics

General Stats
  • This quiz has been taken 178 times
  • The average score is 7 of 9
Answer Stats
Acronym Full Name % Correct
UK United Kingdom
97%
USA United States of America
95%
UAE United Arab Emirates
92%
CAR Central African Republic
85%
DRC Democratic Republic of the Congo
62%
PNG (Type-In) Papua New Guinea
61%
PRC People's Republic of China
60%
USSR Union of Soviet Socialist Republics
55%
DPRK Democratic People's Republic of Korea
53%
No matching quizzes found
Score Distribution
Percent of People with Each Score
Percentile by Number Answered
Your Score History
You have not taken this quiz